00335nam a2200097Ia 4500008004100000100003100041245007100072260006300143650001200206999001900218160725s9999 xx 000 0 und d aPascual, Maria Isabelle M. aUnfolding the teaching-learning experience: a critical reflection. bKaizen Research Journal College of NursingcSeptember 2012 aNURSING c298020d298020